Christianity confronts culture : (Record no. 17937)

000 -LEADER
fixed length control field 01154pam a2200325 a 4500
001 - CONTROL NUMBER
control field 1948204
003 - CONTROL NUMBER IDENTIFIER
control field OkBaRHE
005 - DATE AND TIME OF LATEST TRANSACTION
control field 20111019145952.0
008 - FIXED-LENGTH DATA ELEMENTS--GENERAL INFORMATION
fixed length control field 870116s1987 miua b 001 0 eng
010 ## - LIBRARY OF CONGRESS CONTROL NUMBER
LC control number 87001839
020 ## - INTERNATIONAL STANDARD BOOK NUMBER
International Standard Book Number 0310289017 (pbk.)
040 ## - CATALOGING SOURCE
Original cataloging agency DLC
Transcribing agency DLC
Modifying agency DLC
050 00 - LIBRARY OF CONGRESS CALL NUMBER
Classification number BV 2063
Item number .M38 1987
082 00 - DEWEY DECIMAL CLASSIFICATION NUMBER
Classification number 266
Edition number 19
100 1# - MAIN ENTRY--PERSONAL NAME
Personal name Mayers, Marvin Keene,
Dates associated with a name 1927-
9 (RLIN) 1627
245 10 - TITLE STATEMENT
Title Christianity confronts culture :
Remainder of title a strategy for crosscultural evangelism /
Statement of responsibility, etc Marvin K. Mayers.
250 ## - EDITION STATEMENT
Edition statement Rev. and enl. ed.
260 ## - PUBLICATION, DISTRIBUTION, ETC. (IMPRINT)
Place of publication, distribution, etc Grand Rapids, Mich. :
Name of publisher, distributor, etc Academie Books,
Date of publication, distribution, etc c1987.
300 ## - PHYSICAL DESCRIPTION
Extent xiv, 418 p. :
Other physical details ill. ;
Dimensions 21 cm.
500 ## - GENERAL NOTE
General note "Zondervan publication"--Cover p. [4]
500 ## - GENERAL NOTE
General note Includes index.
504 ## - BIBLIOGRAPHY, ETC. NOTE
Bibliography, etc Bibliography: p. 399-411.
650 #0 - SUBJECT ADDED ENTRY--TOPICAL TERM
Topical term or geographic name as entry element Missions
General subdivision Theory.
9 (RLIN) 1628
650 #0 - SUBJECT ADDED ENTRY--TOPICAL TERM
Topical term or geographic name as entry element Intercultural communication
General subdivision Religious aspects
-- Christianity.
9 (RLIN) 1629
650 #0 - SUBJECT ADDED ENTRY--TOPICAL TERM
Topical term or geographic name as entry element Christianity and culture.
9 (RLIN) 786
650 #0 - SUBJECT ADDED ENTRY--TOPICAL TERM
Topical term or geographic name as entry element Evangelistic work.
9 (RLIN) 22
856 42 - ELECTRONIC LOCATION AND ACCESS
Materials specified Publisher description
Uniform Resource Identifier http://www.loc.gov/catdir/enhancements/fy0633/87001839-d.html
906 ## - LOCAL DATA ELEMENT F, LDF (RLIN)
a 7
b cbc
c orignew
d 1
e ocip
f 19
g y-gencatlg
942 ## - ADDED ENTRY ELEMENTS (KOHA)
Source of classification or shelving scheme
Koha item type Books
Copies
Date acquired Damaged status Date last seen Current Location Price effective from Barcode Shelving location Withdrawn status Koha item type Permanent Location Copy number Source of classification or shelving scheme Not for loan Full call number Lost status
2011-10-19 2011-10-19RHEMA Bible Training College2011-10-1922242General Stacks BooksRHEMA Bible Training College1  BV 2063 .M38 1987